000
00266nam a22001217a 4500
003
SGT
082
_a
320
_b
A57E
100
_a
ELUSIN, VERRIER
245
_a
A PHILOSOPHY FOR NEFA
260
_b
NAVANA PRINTING WORKS PT. LTD.
_c
1957
300
_a
296
942
_2
ddc
_c
BK
999
_c
31942
_d
31942